Geography Quiz

Random Geography or Food Quiz

Countries That Consume the Most Sugar Quiz Stats

 Plays Quiz not verified by Sporcle

Score 0/10 Timer 02:30
0 Plays Today
Rank Country % Correct
1United States of America
100%
10Canada
81.1%
2Germany
79.2%
8Mexico
73.6%
5Australia
67.9%
6Belgium
54.7%
3Netherlands
49.1%
4Ireland
41.5%
7United Kingdom
39.6%
9Finland
28.3%

You're not logged in!

Compare scores with friends on all Sporcle quizzes.
OR
Log In

Show Comments

Extras

Top Quizzes Today


Score Distribution

Your Account Isn't Verified!

In order to create a playlist on Sporcle, you need to verify the email address you used during registration. Go to your Sporcle Settings to finish the process.

Report this User

Report this user for behavior that violates our Community Guidelines.

Details: